000 00663nam a2200181Ia 4500
008 151018s9999 xx 000 0 und d
082 _bRBASDV17164
_a891.463
100 _aकुमुदिनी रांगणेकर
245 _aघडू नये ते घडले
250 _b1
260 _bगुलमोहर प्रकाशन सातारा
_c1983
300 _a223
600 _aकुमुदिनी रांगणेकर
630 _aघडू नये ते घडले
700 _aकुमुदिनी रांगणेकर
730 _aघडू नये ते घडले
942 _cBOOK
999 _c1017848
_d1017845